| 000 | 01046nam a2200265 i 4500 | ||
|---|---|---|---|
| 001 | 15157 | ||
| 003 | ES-MaACL | ||
| 005 | 20230906151013.0 | ||
| 007 | t| | ||
| 008 | 000110s1999 sp ||||1| spa d | ||
| 020 | _a84-87136-93-1 | ||
| 080 | _a556.3(460.282.2 Calar del Mundo) | ||
| 100 | 1 |
_aRodríguez Estrella, Tomás. _998509 |
|
| 245 | 1 | 0 |
_aEstudio geohidroespeleológico del Calar del Mundo (provincias de Albacete y Jaén) / _cTomás Rodríguez Estrella, Federico Ballesta Sánchez. |
| 260 |
_aAlbacete : _bInstituto de Estudios Albacetenses "Don Juan Manuel", _c1999. |
||
| 300 |
_a174 p., [4] p. de planos : _bil. col. y n. ; _c22 cm. |
||
| 490 | 1 |
_aSerie I--Estudios ; _v109 |
|
| 650 | 1 | 4 |
_aHidrogeología- _zCalar del Mundo (Albacete) _913338 |
| 650 | 1 | 4 |
_aHidrogeología- _zCalar del Mundo (Jaén) _913339 |
| 700 | 1 |
_aBallesta Sánchez, Federico. _924993 |
|
| 710 | 2 |
_aInstituto de Estudios Albacetenses. _94884 |
|
| 830 | 0 |
_aSerie I--Estudios ; _v109 _9179228 |
|
| 852 |
_aES-MaACL _jL-22342 _bR.127690 |
||
| 999 |
_c15157 _d15157 |
||